[Event "lesbica"]
[Site "http://www.queenalice.com/game.php?id=605405"]
[Date "2009.6.18"]
[Round "2"]
[White "Givanildo"]
[Black "TulioGalo"]
[Result "0-1"]
[WhiteElo "1599"]
[BlackElo "999"]

1. e4 Nf6 2. Nc3 d5 3. d3 dxe4 4. d4 Bg4 5. f3 exf3 6. gxf3 Bh5 7. b3 Nc6 8. Be3
e6 9. Bg5 Qxd4 10. Qxd4 Nxd4 11. Bd3 Nxf3+ 12. Nxf3 Bxf3 13. Rf1 Bg2 14. Rf2 Bh3
15. O-O-O Ba3+ 16. Kb1 Bg4 17. Re1 h6 18. Bxf6 gxf6 19. Nd5 O-O-O 20. Ne7+ Bxe7
21. Re4 h5 22. a4 f5 23. Re5 Bd6 24. Ra5 a6 25. Bxa6 bxa6 26. Rxa6 Kd7 27. Ra5
Rb8 28. Rd2 Rb6 29. c4 Rxb3+ 30. Kc2 Rhb8 31. c5 f4 32. cxd6 cxd6 33. Ra7+ R8b7
34. Ra6 Rb2+ 35. Kd3 R7b3+ 36. Kc4 d5+ 37. Kc5 Rxd2 38. Rd6+ Kc8 39. a5 Be2 40.
Kc6 Rc2# 0-1

[Event "CaXA"]
[Site "http://www.queenalice.com/game.php?id=615598"]
[Date "2009.7.9"]
[Round "2"]
[White "faelgalodoido"]
[Black "TulioGalo"]
[Result "0-1"]
[WhiteElo "1441"]
[BlackElo "1075"]

1. e4 e5 2. Qf3 f6 3. Bc4 Ne7 4. Qb3 d6 5. Bf7+ Kd7 6. Qb5+ Nbc6 7. Nc3 a6 8.
Qb3 Nd4 9. Qe6+ Nxe6 10. Bxe6+ Kxe6 11. Nf3 Nc6 12. O-O h6 13. Nd5 b5 14. c3 g5
15. d4 exd4 16. Nxd4+ Nxd4 17. cxd4 Kd7 18. e5 fxe5 19. dxe5 Bb7 20. Rd1 Bg7 21.
Re1 Bxd5 22. e6+ Bxe6 23. Bd2 Bxb2 24. Rab1 Bd4 25. Rbc1 c6 26. Bc3 Bc5 27. Bxh8
Qxh8 28. Rc2 Rf8 29. g3 Qd4 30. Rcc1 Bh3 31. Rc2 Rxf2 32. Rxf2 Qxf2+ 33. Kh1
Qxe1# 0-1

[Event "Challenge"]
[Site "http://www.queenalice.com/game.php?id=623370"]
[Date "2009.7.23"]
[Round "-"]
[White "ecsousa"]
[Black "TulioGalo"]
[Result "1-0"]
[WhiteElo "1173"]
[BlackElo "1045"]

1. e4 e5 2. Nf3 Bd6 3. Bc4 f6 4. Bxg8 Rxg8 5. Nc3 Nc6 6. Nd5 h5 7. Nh4 b6 8. d3
a5 9. Qxh5+ g6 10. Qh7 Ne7 11. Nxe7 Bxe7 12. Qxg8+ Bf8 13. Qxg6+ Ke7 14. Nf5+
Ke6 15. Qg8# 1-0

[Event "Challenge"]
[Site "http://www.queenalice.com/game.php?id=624139"]
[Date "2009.7.24"]
[Round "-"]
[White "TulioGalo"]
[Black "brpaschoal"]
[Result "0-1"]
[WhiteElo "1103"]
[BlackElo "1924"]

1. e4 e5 2. Nf3 d6 3. Bc4 h6 4. h3 Nf6 5. Nc3 a6 6. d3 Nc6 7. d4 exd4 8. Nxd4
Ne5 9. Qe2 c5 10. Nf3 Be7 11. Nxe5 dxe5 12. Nd5 b5 13. Nxf6+ Bxf6 14. Bd5 Ra7
15. Be3 Be7 16. Qh5 O-O 17. O-O-O Bd6 18. Rhf1 Bb7 19. f4 Bxd5 20. exd5 e4 21.
Kb1 Rb7 22. g4 a5 23. Qf5 Re8 24. g5 g6 25. Qg4 h5 26. Qg2 a4 27. Bd2 e3 28. Bc3
e2 0-1

[Event "AUTO-BEG-332"]
[Site "http://www.queenalice.com/game.php?id=628910"]
[Date "2009.8.2"]
[Round "1"]
[White "TulioGalo"]
[Black "Michihall"]
[Result "0-1"]
[WhiteElo "1101"]
[BlackElo "1719"]

1. e4 e5 2. Nf3 Nc6 3. d4 exd4 4. Nxd4 Qf6 5. Nxc6 Bc5 6. Qd5 Qxf2+ 7. Kd1 bxc6
8. Qd2 Qxd2+ 9. Nxd2 d5 10. Be2 Be3 11. Rf1 Bxd2 12. Bxd2 dxe4 13. Bc4 Nf6 14.
Bf4 Nd5 15. Be5 O-O 16. Bxc7 Re8 17. Bxd5 cxd5 18. h4 Bg4+ 19. Ke1 Rac8 20. Rf4
Rxc7 21. Rxg4 Rxc2 22. b3 f5 23. Rg5 g6 24. h5 Re6 25. Kd1 Rc3 26. h6 d4 0-1

[Event "AUTO-BEG-332"]
[Site "http://www.queenalice.com/game.php?id=628911"]
[Date "2009.8.2"]
[Round "1"]
[White "Michihall"]
[Black "TulioGalo"]
[Result "1-0"]
[WhiteElo "1781"]
[BlackElo "1105"]

1. d4 Nc6 2. c4 e5 3. d5 Na5 4. e4 Nxc4 5. Bxc4 Bb4+ 6. Bd2 c5 7. Bxb4 cxb4 8.
Nf3 Qf6 9. Qd2 Ne7 10. Qxb4 d6 11. O-O O-O 12. Nc3 Bg4 13. Nd2 Qf4 14. Qxb7 Qxd2
15. Qxe7 Qxb2 16. Nb5 Rac8 17. Bb3 Rfe8 18. Qxd6 Be2 19. Nxa7 Ra8 20. Rfb1 Qd4
21. Nc6 Qxe4 22. Re1 g6 23. Qf6 h5 24. Ne7+ Kf8 25. d6 Ra7 26. Qh8# 1-0

[Event "AUTO-BEG-332"]
[Site "http://www.queenalice.com/game.php?id=628912"]
[Date "2009.8.2"]
[Round "1"]
[White "TulioGalo"]
[Black "nicholasmorassutti"]
[Result "0-1"]
[WhiteElo "1065"]
[BlackElo "1464"]

1. e4 d5 2. Nc3 Nf6 3. Nxd5 Nxe4 4. Qf3 f5 5. d3 Ng5 6. Bxg5 h6 7. Bh4 g5 8.
Bxg5 hxg5 9. Qe3 Qxd5 10. Qxg5 Qa5+ 11. c3 Bh6 12. Qg6+ Kd8 13. b4 Qa3 14. c4
Qc3+ 15. Ke2 Qb2+ 16. Kf3 Qxa1 17. Ne2 Qe5 18. Qg3 f4 19. Qg7 Bxg7 20. Nxf4 Rf8
21. g3 Bh6 22. Kg2 Bxf4 23. gxf4 Qxf4 24. h4 Qf3+ 0-1

[Event "AUTO-BEG-332"]
[Site "http://www.queenalice.com/game.php?id=628913"]
[Date "2009.8.2"]
[Round "1"]
[White "nicholasmorassutti"]
[Black "TulioGalo"]
[Result "1-0"]
[WhiteElo "1355"]
[BlackElo "1080"]

1. d4 Nc6 2. e4 Nf6 3. f3 e6 4. e5 Nd5 5. h4 Ndb4 6. a3 Nd5 7. Bf4 Nxf4 8. Qd2
Nd5 9. Nc3 Nxc3 10. Qxc3 Be7 11. O-O-O O-O 12. b4 Bxh4 13. Qd3 Qg5+ 14. Kb1 Qf4
15. Re1 Bxe1 16. Qxh7# 1-0

[Event "CaXA"]
[Site "http://www.queenalice.com/game.php?id=718264"]
[Date "2010.1.22"]
[Round "4"]
[White "lupaoli"]
[Black "TulioGalo"]
[Result "1-0"]
[WhiteElo "1739"]
[BlackElo "1063"]

1. e4 e5 2. Bc4 Nh6 3. Qh5 Nc6 4. d4 a6 5. Bxh6 Qf6 6. Bg5 g6 7. Bxf6 gxh5 8.
Bxh8 b5 9. Bd5 exd4 10. Bxc6 dxc6 11. Bxd4 1-0

[Event "Challenge"]
[Site "http://www.queenalice.com/game.php?id=743333"]
[Date "2010.3.8"]
[Round "-"]
[White "TulioGalo"]
[Black "faelgalodoido"]
[Result "0-1"]
[WhiteElo "1061"]
[BlackElo "1422"]

1. e4 d6 2. Nc3 Nf6 3. Bd3 Bg4 4. f3 Be6 5. Nge2 a6 6. Nd4 Bc8 7. g4 h6 8. Bc4
e5 9. Nf5 c6 10. Na4 b5 11. Nb6 Qxb6 12. Bb3 d5 13. Qe2 dxe4 14. fxe4 Bxf5 15.
exf5 Be7 16. Qxe5 O-O 17. Qxe7 Nxg4 18. d3 Qf2+ 19. Kd1 Qf3+ 20. Qe2 Qxh1+ 21.
Kd2 Nd7 22. Qxg4 Qxh2+ 23. Kd1 Ne5 24. Qe2 Qh3 25. Qxe5 Rae8 26. Bd2 Rxe5 27. a4
Qh1+ 0-1

[Event "TK2 - CaXA"]
[Site "http://www.queenalice.com/game.php?id=757066"]
[Date "2010.4.6"]
[Round "1"]
[White "TulioGalo"]
[Black "laoziller"]
[Result "0-1"]
[WhiteElo "1053"]
[BlackElo "1831"]

1. e4 e5 2. Nf3 Nc6 3. Nc3 Bb4 4. a3 Bxc3 5. dxc3 d6 6. Bc4 h6 7. Bd5 Bd7 8. b4
Nf6 9. O-O Nxd5 10. Qxd5 Be6 11. Qd2 Qf6 12. Ng5 hxg5 13. Qxg5 Qxg5 14. Bxg5 f6
15. Be3 O-O-O 16. a4 a6 17. a5 Rh5 18. Rab1 Rdh8 19. Rfe1 Rxh2 0-1

[Event "Challenge"]
[Site "http://www.queenalice.com/game.php?id=757200"]
[Date "2010.4.6"]
[Round "-"]
[White "TulioGalo"]
[Black "blackwolf"]
[Result "0-1"]
[WhiteElo "1055"]
[BlackElo "1864"]

1. e4 e5 2. Nf3 Nf6 3. Bd3 d5 4. Nxe5 dxe4 5. Bc4 Be6 6. Bxe6 fxe6 7. d3 Bd6 8.
Bf4 O-O 9. O-O Nc6 10. Nc4 Bxf4 11. Qf3 exf3 12. gxf3 Nd5 13. Nc3 Qh4 14. Nxd5
Qxh2# 0-1

[Event "Challenge"]
[Site "http://www.queenalice.com/game.php?id=758267"]
[Date "2010.4.8"]
[Round "-"]
[White "TulioGalo"]
[Black "faelgalodoido"]
[Result "0-1"]
[WhiteElo "1057"]
[BlackElo "1459"]

1. e4 e5 2. Nf3 Nc6 3. Bd3 a6 4. Nc3 h6 5. a4 Bc5 6. O-O Ba7 7. Bc4 d6 8. b3 Bg4
9. Qe2 Nd4 10. Nxd4 Bxe2 11. Ndxe2 Nf6 12. Ba3 Ng4 13. Rfb1 Qf6 14. Nd1 Nxf2 15.
b4 Nxd1+ 16. d4 Ne3 17. b5 Nxc4 18. Rf1 Qg5 19. Rf2 exd4 20. Rd1 Nxa3 21. Nxd4
Nxc2 22. Rxc2 Qe3+ 23. Rf2 Bxd4 24. Rxd4 Qxd4 0-1